000 00574nam a2200181 4500
001 110144
003 ES-MaACL
005 20230906185001.0
007 t|
008 061121s1955 sp r ||||1| spa d
100 1 _aOcampo, Sixto.
_9207161
245 1 3 _aUn error transcendental de la mecánica /
_cSixto Ocampo.
260 _aBarcelona :
_b[s.n.],
_c1955 (
_fImp. Revista Ibérica)
300 _a11 p. ;
_c24 cm.
500 _aEs tirada aparte de la Revista Ibérica, nº 297 y 229, enero-febrero 1955.
852 _aES-MaACL
_j1971-F-8
_bR.37304
999 _c110144
_d110144